Ben Stiller Movies - Sudden Death - Statistics

General Stats
  • This quiz has been taken 982 times
  • The average score is 5 of 21
Answers on the Grid
Answers color-coded by a green-red scale on the quiz's grid according to % correct below.
Reality Bites
Heavyweights
The Cable Guy
Flirting with Disaster
There's Something About Mary
Empire of the Sun
Zoolander
Meet the Parents
Madagascar
Megamind
Happy Gilmore
The Meyerowitz Stories
Nutcrackers
Dear Santa
Night at the Museum
The Heartbreak Kid
The Watch
Tower Heist
The Secret Life of Walter Mitty
Orange County
Big Daddy
Mr. Deeds
The Royal Tenenbaums
John Wick: Chapter 2
Night at the Museum: Kahmunrah Rises Again
The Pink Panther
Babylon
The Lost City
Being John Malkovich
The Life Aquatic with Steve Zissou
School of Rock
Fantastic Mr. Fox
Moonrise Kingdom
The Grand Budapest Hotel
Barbie
Hercules
Fantasia 2000
Chip 'n Dale: Rescue Rangers
Superbad
 
Answer Stats
Answer % Correct
Zoolander
65%
Night at the Museum
59%
Meet the Parents
52%
There's Something About Mary
43%
Madagascar
37%
The Secret Life of Walter Mitty
37%
The Royal Tenenbaums
29%
Happy Gilmore
23%
Tower Heist
23%
The Heartbreak Kid
18%
The Cable Guy
15%
The Watch
15%
Reality Bites
12%
Heavyweights
11%
The Meyerowitz Stories
10%
Megamind
9%
Flirting with Disaster
4%
Nutcrackers
4%
Empire of the Sun
3%
Orange County
3%
Dear Santa
2%
No matching quizzes found
Score Distribution
Percent of People with Each Score
Percentile by Number Answered
Your Score History
You have not taken this quiz